Traduction de chiffre - Statistiques

Statistiques générales
  • Ce quiz a été pris 39 fois
  • Le résultat moyen est 13 sur 15
Statistiques - réponses
Hint Réponse % Correct
2,15,14,10,15,21,18 Bonjour
100%
5,20 / 20,15,9 Et toi
91%
9,12 / 6,1,9,20 / 2,5,1,21 Il fait beau
91%
10,5 / 19,21,9,19 / 20,18,9,19,20,1,14 Je suis Tristan
91%
13,5,18,3,9 Merci
91%
1,14,20,9,3,15,14,19,20,9,20,21,20,9,15,14,14,5,12,12,5,13,5,14,20 Anticonstitutionnellement
86%
6,1,2,18,9,17,21,5 / 4,5 / 8,15,21,13,15,21,19 Fabrique de houmous
86%
10,5 / 20,',1,9,13,5 Je t'aime
86%
10,15,7,7,9,14,7 Jogging
86%
11,5,2,1,2 / 15,21 / 16,9,26,26,1 Kebab ou pizza
86%
11,5,14,25,1 Kenya
86%
20,18,15,20,20,9,14,5,20,20,5 Trottinette
86%
1 / 2,9,5,14,20,15,20 A bientôt
83%
11,1,23,1,19,1,11,9 Kawasaki
83%
16,1,16,15,21,1,19,9,5 / 14,15,21,22,5,12,12,5 / 7,21,9,14,5,5 Papouasie Nouvelle Guinée
83%
Aucun quiz correspondant
Distribution des résultats
% des personnes avec chaque résultat
Percentile par nombre de réponses
Votre historique - résultats
Vous n’avez pas pris ce quiz